[Event "European Blitz 2022"]
[Site "Katowice POL"]
[Date "2022.12.16"]
[Round "16.28"]
[White "Kacprzak, Karol"]
[Black "Dragnev, Valentin"]
[Result "0-1"]
[BlackTitle "GM"]
[WhiteElo "2226"]
[BlackElo "2556"]
[WhiteFideId "21819327"]
[BlackFideId "1634852"]
[EventDate "2022.12.16"]

1. e4 c6 2. Nf3 d5 3. Nc3 Bg4 4. h3 Bxf3 5. Qxf3 e6 6. d4 dxe4 7. Qxe4 Nf6 8.
Qd3 Na6 9. a3 Nc7 10. g3 Be7 11. Bg2 O-O 12. O-O Ncd5 13. Ne2 b5 14. b3 Rc8 15.
c4 bxc4 16. bxc4 Nb6 17. Rd1 c5 18. d5 exd5 19. cxd5 c4 20. Qf3 Bc5 21. Nc3 Ne8
22. Ne4 Nd6 23. Bg5 Qd7 24. Nxc5 Rxc5 25. Be3 Rc7 26. Bd4 Rfc8 27. Rac1 Na4 28.
h4 Nc5 29. Kh2 Nb3 30. Bh3 f5 31. Rc2 Nxd4 32. Rxd4 Rf8 33. Qf4 Qe7 34. Bf1 c3
35. Rd3 Rfc8 36. Qb4 Qf6 37. Bg2 h6 38. a4 Rc4 39. Qb1 f4 40. a5 Qe5 41. Qd1
fxg3+ 42. fxg3 Rxh4+ 43. Kg1 Rhc4 44. Qc1 Kh8 45. Re3 Qd4 46. Kh2 Qf6 47. Qe1
Qd4 48. Kh1 R4c7 49. Kh2 Qc5 50. a6 Qd4 51. Kh1 Qb4 52. Kh2 Qb3 53. Qc1 Qc4 54.
Qe1 Qd4 55. Kh1 Qf6 56. Kh2 Nf5 57. Re8+ Rxe8 58. Qxe8+ Kh7 59. Qe4 g6 60. Qd3
Kg7 61. Be4 Nd6 62. Bg2 Qe5 63. Bf3 Qf5 64. Be2 Qxd3 65. Bxd3 Kf6 66. Kg2 g5 67.
Kf3 Ke5 68. Kg4 Kxd5 69. Kh5 Kd4 70. Bg6 Nc4 71. Kxh6 Ne3 72. Rc1 g4 73. Kg5 Rc6
74. Bh7 Rxa6 75. Kf4 Rf6+ 76. Kg5 Rf2 77. Ra1 Rf7 78. Bg6 Rc7 79. Ra4+ Rc4 80.
Rxa7 c2 81. Bxc2 Rxc2 82. Ra4+ Kd3 83. Ra3+ Ke2 84. Ra5 Kf3 85. Ra3 Re2 86. Kh4
Re1 87. Rb3 Rh1+ 88. Kg5 Rg1 89. Kh4 Rh1+ 90. Kg5 Rh3 0-1

[Event "European Blitz 2022"]
[Site "Katowice POL"]
[Date "2022.12.16"]
[Round "16.29"]
[White "Azarov, Sergei"]
[Black "Mis, Mieszko"]
[Result "1-0"]
[WhiteTitle "GM"]
[BlackTitle "FM"]
[WhiteElo "2562"]
[BlackElo "2389"]
[WhiteFideId "13501470"]
[BlackFideId "1196448"]
[EventDate "2022.12.16"]

1. e4 c6 2. d4 d5 3. e5 Bf5 4. Nf3 e6 5. Be2 c5 6. Be3 Qb6 7. Nc3 Qxb2 8. Nb5 c4
9. Rb1 Qxc2 10. Qxc2 Bxc2 11. Rb2 Ba4 12. Nc7+ Kd7 13. Nxa8 Bc6 14. O-O Ba3 15.
Rbb1 Nh6 16. Bxh6 gxh6 17. Nd2 b5 18. Bh5 Na6 19. f4 Rxa8 20. f5 c3 21. Rb3 Bb4
22. fxe6+ fxe6 23. Nf3 Rf8 24. a3 Ba5 25. Rc1 Nc7 26. Ne1 Rf4 27. Nc2 a6 28. g3
Rf8 29. Nb4 Bxb4 30. axb4 Na8 31. Rbxc3 Bb7 32. Kg2 Rf5 33. Bg4 Rf7 34. h4 Rg7
35. Kh3 Rg8 36. Rf1 Ke7 37. Rf6 Bc8 38. Rxh6 Nb6 39. Rxh7+ Kd8 40. Rc6 Nc4 41.
Rxc8+ 1-0

[Event "European Blitz 2022"]
[Site "Katowice POL"]
[Date "2022.12.16"]
[Round "16.30"]
[White "D'Costa, Lorin"]
[Black "Drozdowski, Kacper"]
[Result "0-1"]
[WhiteTitle "IM"]
[BlackTitle "IM"]
[WhiteElo "2375"]
[BlackElo "2448"]
[WhiteFideId "409219"]
[BlackFideId "1136720"]
[EventDate "2022.12.16"]

1. Nf3 d5 2. d4 Nf6 3. c4 c6 4. Nc3 a6 5. c5 Nbd7 6. Bf4 Nh5 7. Bg5 b6 8. e4
dxe4 9. Nxe4 Nhf6 10. Bd3 h6 11. Bh4 bxc5 12. O-O e6 13. Rc1 Be7 14. Nxc5 Nxc5
15. dxc5 O-O 16. Qe2 Nd5 17. Bxe7 Qxe7 18. Qe4 Nf6 19. Qxc6 Bb7 20. Qd6 Qxd6 21.
cxd6 Rfd8 22. Rfd1 Bd5 23. a3 Rxd6 24. Ne5 Nd7 25. Nxd7 Rxd7 26. Bc4 Bc6 27. f3
a5 28. Kf2 Kf8 29. Ke3 Rb8 30. Rxd7 Bxd7 31. Rc2 a4 32. Kd4 Ke7 33. Kc5 g5 34.
Rd2 h5 35. Be2 h4 36. Bd1 Rb5+ 37. Kc4 Re5 38. Kb4 Rb5+ 39. Kc4 Rb8 40. b4 axb3
41. Bxb3 Bc6 42. Kc3 h3 43. Bd1 hxg2 44. Rxg2 f6 45. Rg4 Rb1 46. Be2 Rh1 47. Rg2
Kd6 48. Kb4 Ke5 49. Rf2 Kf4 50. Kc5 Bd5 51. a4 Ke3 52. Rg2 g4 53. Rxg4 Kxe2 54.
f4 Kf3 55. Rh4 f5 56. a5 Rc1+ 57. Kb6 Rc4 58. a6 Rxf4 0-1

[Event "European Blitz 2022"]
[Site "Katowice POL"]
[Date "2022.12.16"]
[Round "16.31"]
[White "Samunenkov, Ihor"]
[Black "Baum, Jonasz"]
[Result "1-0"]
[WhiteTitle "IM"]
[BlackTitle "IM"]
[WhiteElo "2488"]
[BlackElo "2420"]
[WhiteFideId "14187086"]
[BlackFideId "1195360"]
[EventDate "2022.12.16"]

1. d4 Nf6 2. Nc3 d5 3. Bf4 a6 4. e3 c5 5. dxc5 Nc6 6. Nf3 e6 7. Bd3 Bxc5 8. O-O
O-O 9. e4 Nb4 10. e5 Nxd3 11. cxd3 Ne8 12. d4 Be7 13. Qb3 b6 14. g3 Bd7 15. h4
Rc8 16. Rac1 Rc4 17. Be3 b5 18. Nd2 Rb4 19. Qc2 f6 20. a3 Rc4 21. Nxc4 dxc4 22.
Ne4 Bc6 23. f3 f5 24. Nc5 Nc7 25. b3 f4 26. gxf4 Bxc5 27. dxc5 Qxh4 28. bxc4
bxc4 29. Qh2 Qe7 30. Kf2 Nd5 31. Rh1 h6 32. Rcg1 Qb7 33. Rb1 Qf7 34. Rbg1 Qf5
35. Bd2 c3 36. Bc1 Qc2+ 37. Kg3 Ne7 38. Qxc2 1-0

[Event "European Blitz 2022"]
[Site "Katowice POL"]
[Date "2022.12.16"]
[Round "16.32"]
[White "Manik, Mikulas"]
[Black "Orzech, Dominik"]
[Result "1-0"]
[WhiteTitle "GM"]
[BlackTitle "IM"]
[WhiteElo "2359"]
[BlackElo "2313"]
[WhiteFideId "14900734"]
[BlackFideId "1115065"]
[EventDate "2022.12.16"]

1. d4 Nf6 2. Nf3 g6 3. c4 Bg7 4. g3 O-O 5. Bg2 d6 6. O-O Nbd7 7. Nc3 e5 8. e4
exd4 9. Nxd4 Re8 10. h3 Nc5 11. Re1 Bd7 12. Qc2 a5 13. Be3 Qc8 14. Kh2 Re5 15.
g4 Bxg4 16. hxg4 Qxg4 17. Qe2 Qh4+ 18. Kg1 Rh5 19. Nf3 Qg4 20. e5 Nfe4 21. Nxe4
Nxe4 22. exd6 Nxd6 23. Rad1 Nxc4 24. Bd4 Nd6 25. Ne5 Qxe2 26. Rxe2 Re8 27. Rde1
Nb5 28. Rd2 Nxd4 29. Rxd4 Bxe5 30. Rde4 Bh2+ 31. Kf1 Rxe4 32. Rxe4 Bd6 33. Re8+
Kg7 34. Bxb7 Rb5 35. Be4 Rxb2 36. Bd5 a4 37. Ke1 h5 38. Rd8 Bb4+ 39. Kf1 Bc5 40.
f3 Kf6 41. Rd7 Bd6 42. Rxf7+ Ke5 43. Bc4 h4 44. Rh7 g5 45. Rf7 h3 46. Rh7 h2 47.
Bd3 Kd4 48. Be4 Rxa2 49. Rh5 Ke3 50. Rh3 Ra1+ 51. Kg2 Rg1# 1-0

[Event "European Blitz 2022"]
[Site "Katowice POL"]
[Date "2022.12.16"]
[Round "16.33"]
[White "Plichta, Kamil"]
[Black "Vedrickas, Tautvydas"]
[Result "0-1"]
[WhiteTitle "FM"]
[BlackTitle "FM"]
[WhiteElo "2394"]
[BlackElo "2358"]
[WhiteFideId "1141830"]
[BlackFideId "12802654"]
[EventDate "2022.12.16"]

1. d4 Nf6 2. Bg5 d5 3. Bxf6 exf6 4. e3 c6 5. c4 Bd6 6. cxd5 cxd5 7. Nc3 O-O 8.
Nxd5 Qa5+ 9. Nc3 Bb4 10. Qd2 Nc6 11. Bd3 Bg4 12. Nge2 Rad8 13. O-O Qh5 14. Ng3
Qh6 15. a3 Bd6 16. Qc2 Ne7 17. Rfe1 Bb8 18. Be2 Be6 19. Bf3 Nd5 20. Nxd5 Bxd5
21. Bxd5 Rxd5 22. Qb3 Bxg3 23. fxg3 Rh5 24. h3 Rg5 25. Kh2 Qg6 26. e4 h5 27. Re3
b6 28. Rc1 Re8 29. Qd3 Rd8 30. d5 Re5 31. Qd4 h4 32. gxh4 Qh6 33. Rd1 Qxh4 34.
d6 Qf4+ 35. Rg3 Rg5 36. Qe3 Qe5 37. Rd5 Rxg3 38. Qxg3 Qxe4 39. Rd2 Qe5 40. Qxe5
fxe5 41. Kg3 f6 42. Kf3 Kf7 43. Rc2 Rd7 44. Ke4 Ke6 45. g4 g6 46. h4 f5+ 47.
gxf5+ gxf5+ 48. Ke3 Rxd6 49. h5 f4+ 50. Kf3 Rd3+ 51. Ke2 Rh3 52. Rc6+ Kf5 53. h6
e4 54. Kf2 e3+ 55. Kg2 Rg3+ 56. Kf1 f3 57. h7 Rh3 58. Kg1 Rxh7 59. Rc3 Re7 60.
Kf1 e2+ 61. Ke1 f2+ 0-1

[Event "European Blitz 2022"]
[Site "Katowice POL"]
[Date "2022.12.16"]
[Round "16.34"]
[White "Kyc, Jerzy"]
[Black "Berend, Elvira"]
[Result "1-0"]
[BlackTitle "WGM"]
[WhiteElo "2230"]
[BlackElo "2318"]
[WhiteFideId "1163922"]
[BlackFideId "4000510"]
[EventDate "2022.12.16"]

1. e4 c5 2. Nf3 e6 3. d4 cxd4 4. Nxd4 Nc6 5. Nc3 a6 6. a3 d6 7. Be2 Nf6 8. O-O
Be7 9. Be3 O-O 10. f4 Bd7 11. Qe1 Nxd4 12. Bxd4 Bc6 13. Bd3 e5 14. fxe5 Ng4 15.
e6 fxe6 16. Rxf8+ Bxf8 17. Bc4 Qe7 18. Qg3 Nf6 19. e5 dxe5 20. Qxe5 Re8 21. Re1
Kh8 22. h3 Qd8 23. Kh1 Bd6 24. Qg5 Bc7 25. Be5 Bxe5 26. Rxe5 Qd6 27. Bd3 Qd4 28.
Qe3 Qh4 29. Rxe6 Rf8 30. Ne4 Ng4 31. Qg3 Nf2+ 32. Kh2 Qxg3+ 33. Kxg3 Nxd3 34.
cxd3 h6 35. Nc5 Rd8 36. Re3 Bd5 37. b4 Kh7 38. d4 Bc6 39. Rd3 Rd5 40. Rd2 h5 41.
h4 g5 42. Ne4 gxh4+ 43. Kxh4 Kh6 44. Nc3 Rg5 45. Kh3 Bd7+ 46. Kh2 Rg4 47. d5
Rh4+ 48. Kg1 Rc4 49. Ne2 Re4 50. Ng3 Re3 51. Kf2 Rxa3 52. Re2 Rb3 53. Re7 Bg4
54. Rxb7 h4 55. Ne4 Rb2+ 56. Kg1 Bf5 57. Nd6 Bd3 58. Re7 Rd2 59. Re3 Bg6 60. Re5
Kg7 61. Nc4 Rd4 62. Ne3 Rxb4 63. d6 Rd4 64. Nd5 Bf7 65. d7 Rd1+ 66. Kh2 Bxd5 67.
d8=Q Rd2 68. Qe7+ 1-0

[Event "European Blitz 2022"]
[Site "Katowice POL"]
[Date "2022.12.16"]
[Round "16.35"]
[White "Haug, Havard"]
[Black "Arkell, Keith C"]
[Result "1-0"]
[BlackTitle "GM"]
[WhiteElo "2044"]
[BlackElo "2406"]
[WhiteFideId "1547887"]
[BlackFideId "400270"]
[EventDate "2022.12.16"]

1. e4 c6 2. c4 d5 3. cxd5 cxd5 4. exd5 Nf6 5. Nc3 Nxd5 6. Nf3 Nxc3 7. bxc3 g6 8.
d4 Bg7 9. Bb5+ Bd7 10. Qe2 Bxb5 11. Qxb5+ Qd7 12. Rb1 Qxb5 13. Rxb5 b6 14. O-O
Nc6 15. Re1 Bf6 16. d5 Na5 17. Bg5 Kd7 18. Rb4 Rac8 19. Rbe4 Rhe8 20. h4 Bxg5
21. Ne5+ Kc7 22. hxg5 f6 23. Nf3 Kd7 24. Rh4 Rh8 25. Rhe4 Rce8 26. Re6 Rhf8 27.
R1e4 fxg5 28. Nxg5 h6 29. Nf3 Rf6 30. Ne5+ Kc7 31. Nxg6 Rxe6 32. Rxe6 Kd8 33.
Ne5 h5 34. g3 Rg8 35. Rh6 Kc7 36. Rxh5 Kd6 37. Nf7+ Kc5 38. d6+ Kc6 39. dxe7 Kd7
40. Rh7 Re8 41. Ne5+ Ke6 42. Ng6 Kf6 1-0

[Event "European Blitz 2022"]
[Site "Katowice POL"]
[Date "2022.12.16"]
[Round "16.36"]
[White "Tisaj, Domen"]
[Black "Karas, Marek"]
[Result "1-0"]
[WhiteTitle "FM"]
[BlackTitle "FM"]
[WhiteElo "2396"]
[BlackElo "2240"]
[WhiteFideId "14628708"]
[BlackFideId "14928558"]
[EventDate "2022.12.16"]

1. d4 Nf6 2. c4 e6 3. g3 c5 4. d5 exd5 5. cxd5 d6 6. Nc3 g6 7. Bg2 Bg7 8. Nf3
O-O 9. O-O a6 10. a4 Nbd7 11. Bf4 Qe7 12. Re1 Ng4 13. e4 Nge5 14. Qc2 Nxf3+ 15.
Bxf3 Ne5 16. Be2 Bd7 17. Bd2 Rab8 18. f4 Ng4 19. Kg2 Rfe8 20. Bf3 f5 21. exf5
Qf8 22. Bxg4 h5 23. Bf3 Bxf5 24. Be4 Bxc3 25. Bxf5 Bxd2 26. Be6+ Rxe6 27. Rxe6
Bb4 28. Qxg6+ Qg7 29. Qxg7+ Kxg7 30. Rxd6 c4 31. Rd7+ Kf6 32. Kf3 Re8 33. Rc1 b5
34. axb5 axb5 35. Rb7 Bc5 36. Rxb5 Re3+ 37. Kg2 Re2+ 38. Kh3 Be3 39. Rd1 Bd2 40.
Rc5 Ke7 41. Rxc4 h4 42. Rc2 hxg3 43. Rdxd2 1-0

[Event "European Blitz 2022"]
[Site "Katowice POL"]
[Date "2022.12.16"]
[Round "16.37"]
[White "Langheinrich, Ferenc"]
[Black "Brilej, Jaka"]
[Result "1-0"]
[WhiteTitle "IM"]
[BlackTitle "FM"]
[WhiteElo "2381"]
[BlackElo "2336"]
[WhiteFideId "4641973"]
[BlackFideId "14618818"]
[EventDate "2022.12.16"]

1. e4 c6 2. Nf3 d5 3. d3 dxe4 4. dxe4 Qxd1+ 5. Kxd1 Nf6 6. Nbd2 g6 7. h3 Bg7 8.
c3 Nbd7 9. Bd3 Nc5 10. Bc2 a5 11. a4 Be6 12. Nd4 O-O-O 13. Nxe6 Nxe6 14. g3 h5
15. h4 Bh6 16. Ke2 Ng4 17. Nc4 Bxc1 18. Raxc1 Kc7 19. f3 Nf6 20. Nxa5 g5 21.
hxg5 Nxg5 22. Nc4 Rdg8 23. Ne5 Ne6 24. Rcg1 Rg7 25. b4 Nd7 26. Nxd7 Kxd7 27. Bb3
Rh6 28. a5 Nc7 29. Rd1+ Ke8 30. Kf2 Rhg6 31. Rdg1 Nb5 32. c4 Nd4 33. Bd1 Rh6 34.
f4 Rgh7 35. Ke3 Ne6 36. e5 Nc7 37. Bf3 Na6 38. b5 cxb5 39. cxb5 Nc7 40. Rb1 1-0

[Event "European Blitz 2022"]
[Site "Katowice POL"]
[Date "2022.12.16"]
[Round "16.38"]
[White "Morgunov, Marc"]
[Black "Grabarczyk, Miroslaw"]
[Result "1/2-1/2"]
[WhiteTitle "FM"]
[BlackTitle "GM"]
[WhiteElo "2402"]
[BlackElo "2337"]
[WhiteFideId "1640305"]
[BlackFideId "1101684"]
[EventDate "2022.12.16"]

1. e4 e5 2. Nf3 Nf6 3. Nc3 Nc6 4. d3 Bb4 5. Bd2 O-O 6. a3 Bxc3 7. Bxc3 d5 8.
Nxe5 Nxe5 9. Bxe5 dxe4 10. dxe4 Qe7 11. Bxf6 Qxf6 12. c3 Rd8 13. Qc2 Qg5 14. h4
Qg6 15. Bd3 Qxg2 16. O-O-O Qf3 17. Kb1 Be6 18. Rhg1 Rd7 19. e5 Kh8 20. Rg3 Qf4
21. Rdg1 Rad8 22. Ka1 Qxe5 23. Rxg7 Rxd3 24. Qxd3 Qe1+ 25. Rxe1 Rxd3 26. Rg3 Rd2
27. Rf3 Kg7 28. Rg1+ Kf8 29. h5 h6 30. Rf6 Ke7 31. Rxh6 Rxf2 32. Rh8 Rh2 33. h6
a5 34. h7 a4 35. Kb1 Bf5+ 36. Kc1 Rxh7 37. Rxh7 Bxh7 38. Rg4 b5 39. Rg5 c6 40.
Kd2 Bg6 41. Ke3 Kd6 42. Kd4 Bc2 43. Rg8 c5+ 44. Ke3 Bg6 45. Rd8+ Kc6 46. Kf4 f6
47. Rf8 Kd5 48. Rxf6 Bb1 49. Ke3 Kc4 50. Kd2 Bh7 51. Rf4+ Kb3 52. Kc1 Bg6 53.
Rg4 Bh7 54. Rg5 Kc4 55. Rg4+ Kb3 56. Rh4 Bg6 57. Rh6 Bd3 58. Rh5 Kc4 59. Rg5 Bh7
60. Kd2 Bb1 61. Ke3 Bh7 62. Kd2 Bb1 63. Rg4+ Kb3 64. Kc1 Bh7 65. c4 bxc4 66.
Rg3+ Bd3 67. Rg5 c3 68. bxc3 c4 69. Kd2 Kxa3 70. Rb5 Ka2 71. Kc1 a3 72. Rb4 Ka1
73. Rb6 Ka2 74. Ra6 Kb3 75. Ra5 Bh7 76. Ra7 Bd3 77. Ra5 Bh7 78. Ra7 1/2-1/2

[Event "European Blitz 2022"]
[Site "Katowice POL"]
[Date "2022.12.16"]
[Round "16.39"]
[White "Koziorowicz, Michal"]
[Black "Kirk, Ezra"]
[Result "1-0"]
[WhiteTitle "FM"]
[BlackTitle "IM"]
[WhiteElo "2348"]
[BlackElo "2432"]
[WhiteFideId "21809194"]
[BlackFideId "600067"]
[EventDate "2022.12.16"]

1. e4 c5 2. Nf3 Nc6 3. Bb5 g6 4. O-O Bg7 5. Re1 Nf6 6. e5 Nd5 7. c4 Nc7 8. Bxc6
dxc6 9. d4 cxd4 10. Nxd4 O-O 11. Nc3 Ne6 12. Nxe6 Bxe6 13. Qe2 Qb6 14. b3 Rad8
15. Bb2 Rd7 16. Rad1 Rfd8 17. Rxd7 Rxd7 18. Ne4 h6 19. Rd1 Rxd1+ 20. Qxd1 Qa5
21. Qa1 Bf5 22. Ng3 Bd3 23. h3 Qd2 24. Bd4 Bc2 25. Bxa7 Bd1 26. Be3 Qe1+ 27. Kh2
h5 28. Qd4 h4 29. Qxh4 Bxe5 30. Qxe7 Bxg3+ 31. fxg3 Bc2 32. Qe8+ Kh7 33. Qxf7+
Kh8 34. Bd4+ 1-0

[Event "European Blitz 2022"]
[Site "Katowice POL"]
[Date "2022.12.16"]
[Round "16.40"]
[White "Polster, Christian"]
[Black "Spalir, Jernej"]
[Result "0-1"]
[WhiteTitle "FM"]
[BlackTitle "IM"]
[WhiteElo "2235"]
[BlackElo "2377"]
[WhiteFideId "12965081"]
[BlackFideId "14606518"]
[EventDate "2022.12.16"]

1. e4 e5 2. Nf3 Nc6 3. Bc4 Bc5 4. b4 Bxb4 5. c3 Ba5 6. O-O Bb6 7. d4 exd4 8.
cxd4 d6 9. Bg5 Nge7 10. h3 O-O 11. Nc3 Kh8 12. Re1 f6 13. Be3 Ng6 14. Qd3 Bd7
15. Bb3 f5 16. Bg5 Qc8 17. e5 dxe5 18. dxe5 Be6 19. Nd5 h6 20. Bh4 Ba5 21. Re3
Qe8 22. Qb5 Nxh4 23. Nxh4 f4 24. Re4 Bb6 25. Nxf4 Bxb3 26. Qxb3 Ne7 27. Qe6 Kh7
28. Rd1 Rd8 29. Rxd8 Qxd8 30. Nhg6 Re8 31. Nxe7 Qxe7 32. Qg6+ Kg8 33. Nd5 Qf7
34. Qg3 Qxd5 35. Rg4 Qxe5 36. Re4 Qxe4 0-1

[Event "European Blitz 2022"]
[Site "Katowice POL"]
[Date "2022.12.16"]
[Round "16.41"]
[White "Ondozi, Murtez"]
[Black "Varvadoukas, Theodoros"]
[Result "1-0"]
[WhiteTitle "FM"]
[WhiteElo "2406"]
[BlackElo "2109"]
[WhiteFideId "937576"]
[BlackFideId "4210735"]
[EventDate "2022.12.16"]

1. d4 Nf6 2. c4 c5 3. dxc5 Na6 4. Nf3 Nxc5 5. Nc3 d6 6. e3 g6 7. Be2 Bg7 8. O-O
O-O 9. Nd4 Bd7 10. Bf3 Qc7 11. b3 Rac8 12. Bb2 a6 13. Rc1 Qb8 14. Qd2 b5 15. b4
Ne6 16. Nd5 Nxd5 17. cxd5 Nxd4 18. Bxd4 Rxc1 19. Rxc1 Rc8 20. Bxg7 Kxg7 21. a3
Rc4 22. Rxc4 bxc4 23. Qd4+ Kg8 24. Qxc4 Bb5 25. Qc3 h5 26. h4 Qd8 27. g3 Qd7 28.
e4 Qh3 29. Qc1 Kg7 30. a4 Be8 31. b5 axb5 32. axb5 Qd7 33. Qb2+ Kg8 34. b6 Qb7
35. Be2 Bd7 36. Ba6 Qb8 37. b7 f6 38. Qb6 Kf8 39. f4 Ke8 40. Kf2 Kf8 41. Ke3 Kf7
42. Kd4 Kf8 43. Kc3 Kf7 44. Kb4 Kf8 45. Bb5 Bg4 46. Bc6 Kf7 47. Qa5 1-0

[Event "European Blitz 2022"]
[Site "Katowice POL"]
[Date "2022.12.16"]
[Round "16.42"]
[White "Mastrovasilis, Dimitrios"]
[Black "Trzebinski, Patryk"]
[Result "1-0"]
[WhiteTitle "GM"]
[WhiteElo "2605"]
[BlackElo "1792"]
[WhiteFideId "4202694"]
[BlackFideId "21839034"]
[EventDate "2022.12.16"]

1. e4 d5 2. exd5 Nf6 3. Nf3 Nxd5 4. d4 Bg4 5. h3 Bh5 6. c4 Nb6 7. c5 N6d7 8. Qb3
b6 9. g4 Bg6 10. Bg2 Be4 11. Ng5 Bg6 12. Bxa8 c6 13. Nc3 bxc5 14. d5 c4 15. Qa4
cxd5 16. Bxd5 e6 17. Bg2 Be7 18. Nge4 O-O 19. O-O f5 20. gxf5 Bxf5 21. Ng3 Bd3
22. Be3 Bxf1 23. Rxf1 Ne5 24. Rd1 Qc8 25. Qxa7 Nbc6 26. Bxc6 Nxc6 27. Qd7 Qa8
28. Qxe6+ Kh8 29. Rd7 Bf6 30. Nh5 Ne5 31. Nxf6 Nf3+ 32. Kf1 Nh2+ 33. Ke1 Qh1+
34. Kd2 Nf3+ 35. Kc2 1-0

[Event "European Blitz 2022"]
[Site "Katowice POL"]
[Date "2022.12.16"]
[Round "16.43"]
[White "Paszewski, Mateusz"]
[Black "Blohberger, Felix"]
[Result "1/2-1/2"]
[WhiteTitle "FM"]
[BlackTitle "GM"]
[WhiteElo "2282"]
[BlackElo "2490"]
[WhiteFideId "1141058"]
[BlackFideId "1632051"]
[EventDate "2022.12.16"]

1. Nf3 d5 2. e3 Nf6 3. c4 e6 4. Nc3 a6 5. b3 c5 6. cxd5 exd5 7. d4 Nc6 8. Be2
cxd4 9. Nxd4 Bb4 10. Bd2 Nxd4 11. exd4 O-O 12. O-O h6 13. Bf3 Bf5 14. Na4 Ba3
15. Bc1 Bd6 16. Nc5 b6 17. Nd3 Be4 18. Re1 Re8 19. Bf4 Bxf3 20. Qxf3 Bxf4 21.
Rxe8+ Qxe8 22. Nxf4 Qe4 23. Qxe4 dxe4 24. Rc1 Rd8 25. Ne2 Nd5 26. a3 a5 27. Kf1
f5 28. g3 Kf7 29. Rc6 Ke7 30. Nf4 Nxf4 31. gxf4 Rd6 32. Rc7+ Rd7 33. Rc6 Rd6 34.
Rc7+ Kf6 35. Ke2 g5 36. Ke3 Kg6 37. b4 axb4 38. axb4 Kh5 39. fxg5 hxg5 40. h3
Kg6 41. b5 Kf6 42. Rb7 Ke6 43. Rg7 Kf6 44. Rb7 Ke6 45. Rg7 Kf6 46. Rb7 1/2-1/2

[Event "European Blitz 2022"]
[Site "Katowice POL"]
[Date "2022.12.16"]
[Round "16.44"]
[White "Muter, Donny"]
[Black "Tregubov, Pavel V."]
[Result "0-1"]
[BlackTitle "GM"]
[WhiteElo "2206"]
[BlackElo "2553"]
[WhiteFideId "409170"]
[BlackFideId "4115341"]
[EventDate "2022.12.16"]

1. c4 Nf6 2. g3 c5 3. Bg2 d5 4. cxd5 Nxd5 5. Nc3 Nc7 6. d3 e5 7. Nf3 Nc6 8. O-O
Be7 9. Rb1 O-O 10. a3 f6 11. Nd2 Be6 12. f4 exf4 13. gxf4 Nd5 14. Nde4 Nd4 15.
e3 Nf5 16. Qe2 Nh4 17. Bh1 Qe8 18. Qf2 Nxc3 19. bxc3 f5 20. Ng3 Rd8 21. Qe2 b6
22. e4 fxe4 23. dxe4 Qf7 24. Re1 Bc4 25. Qg4 g6 26. Be3 Kh8 27. Rbd1 h5 28. Qh3
Be6 29. f5 Bb3 30. Rxd8 Rxd8 31. fxg6 Qxg6 32. Rf1 Bc4 33. Re1 Be6 34. Qf1 Rf8
35. Qe2 Bg4 36. Qd2 Nf3+ 37. Bxf3 Bxf3 38. Qd7 Bd6 0-1

[Event "European Blitz 2022"]
[Site "Katowice POL"]
[Date "2022.12.16"]
[Round "16.45"]
[White "Trushko, Andrii"]
[Black "Licznerski, Lukasz"]
[Result "1-0"]
[BlackTitle "IM"]
[WhiteElo "2006"]
[BlackElo "2441"]
[WhiteFideId "14172887"]
[BlackFideId "1179250"]
[EventDate "2022.12.16"]

1. d4 Nf6 2. Bg5 e6 3. e3 c5 4. Bxf6 Qxf6 5. c3 Qd8 6. Nd2 d5 7. Bd3 Nc6 8. f4
Bd6 9. Ngf3 g6 10. h4 cxd4 11. cxd4 h5 12. a3 Bd7 13. O-O Ne7 14. Ne5 Nf5 15.
Bxf5 gxf5 16. Qb3 Bxe5 17. dxe5 Qxh4 18. Nf3 Qd8 19. Qxb7 Rb8 20. Qxa7 Rxb2 21.
Rab1 Rxb1 22. Rxb1 O-O 23. Ng5 Bc6 24. Rc1 Ba8 25. Rc7 Qe8 26. Re7 Qb8 27. Rxf7
Qxa7 28. Rxa7 d4 29. Nxe6 1-0

[Event "European Blitz 2022"]
[Site "Katowice POL"]
[Date "2022.12.16"]
[Round "16.46"]
[White "Wisniewski, Michal"]
[Black "Peyrer, Konstantin"]
[Result "0-1"]
[WhiteTitle "FM"]
[BlackTitle "FM"]
[WhiteElo "2168"]
[BlackElo "2380"]
[WhiteFideId "1159682"]
[BlackFideId "1640879"]
[EventDate "2022.12.16"]

1. Nf3 Nf6 2. c4 g6 3. b4 Bg7 4. Bb2 O-O 5. e3 d6 6. d4 c6 7. Be2 Bf5 8. O-O a5
9. b5 Nbd7 10. a4 Rc8 11. Nbd2 Nb6 12. Nb3 cxb5 13. cxb5 Bc2 0-1

[Event "European Blitz 2022"]
[Site "Katowice POL"]
[Date "2022.12.16"]
[Round "16.47"]
[White "Subelj, Jan"]
[Black "Jablonicky, Martin"]
[Result "1-0"]
[WhiteTitle "IM"]
[BlackTitle "FM"]
[WhiteElo "2492"]
[BlackElo "2388"]
[WhiteFideId "14618583"]
[BlackFideId "14925621"]
[EventDate "2022.12.16"]

1. e4 c5 2. Nf3 d6 3. c3 Nf6 4. h3 g6 5. Bd3 Bg7 6. Bc2 O-O 7. d4 cxd4 8. cxd4
Nc6 9. O-O e5 10. d5 Nb8 11. Nc3 Bd7 12. a4 Na6 13. Nb5 Qe7 14. Be3 b6 15. Nd2
Rfc8 16. Rc1 Nb4 17. Bb1 Rxc1 18. Qxc1 Rc8 19. Qd1 a6 20. Nc3 Qd8 21. Qb3 a5 22.
Nc4 Rb8 23. Nb5 Bxb5 24. axb5 Bf8 25. Rc1 Nd7 26. Bd2 Nc5 27. Qa3 Qh4 28. Re1 f5
29. Bxb4 axb4 30. Qxb4 fxe4 31. Nd2 Bh6 32. Nxe4 Rf8 33. Re2 Nxe4 34. Qxe4 Rf4
35. Qd3 Rd4 36. Qb3 Qf4 37. Bc2 Qc1+ 38. Kh2 1-0

[Event "European Blitz 2022"]
[Site "Katowice POL"]
[Date "2022.12.16"]
[Round "16.48"]
[White "Chyzy, Jakub"]
[Black "Kuzmicz, Krystian"]
[Result "0-1"]
[WhiteTitle "FM"]
[BlackTitle "IM"]
[WhiteElo "2247"]
[BlackElo "2466"]
[WhiteFideId "21806209"]
[BlackFideId "1119125"]
[EventDate "2022.12.16"]

1. e4 c5 2. Nc3 a6 3. d4 cxd4 4. Qxd4 Nc6 5. Qd2 g6 6. b3 d6 7. Bb2 Bh6 8. f4
Nf6 9. O-O-O Bg4 10. Nge2 O-O 11. h3 Bxe2 12. Bxe2 Rc8 13. g4 Bg7 14. Kb1 b5 15.
Bf3 Qa5 16. h4 b4 17. Nd5 Nxd5 18. exd5 Bxb2 19. Kxb2 Na7 20. Be2 Rc3 21. h5
Rfc8 22. Rc1 Nb5 23. Bxb5 axb5 24. hxg6 Qa3+ 25. Kb1 Ra8 26. gxh7+ Kh8 27. Qd4+
f6 28. Rce1 Qxa2+ 29. Kc1 Qxc2# 0-1